| 000 | 01912cab a2200265 4500 | ||
|---|---|---|---|
| 001 | ##L132654 | ||
| 008 | 060227n2006 000 0 eng u | ||
| 035 | _a(Sirsi) u132654 | ||
| 041 | 0 | _aeng | |
| 100 | 1 | _aRobertson, Douglas | |
| 245 | 0 | 0 |
_aCultural expectations of homeownership _bexplaining changing legal definitions of flat ownership within Britain |
| 260 | _c2006 | ||
| 490 | 0 |
_aHousing Studies _v21(1) January 2006, 35-52(18) |
|
| 520 | _aTraces the evolution of the legal definition of flat ownership in England, Wales and Scotland. Following the break up of private rented flats in England and Wales and Scotland two distinct property ownership systems emerged, both seeking to provide individual ownership of the flat and collective management of the block in which the flat was contained In England and Wales leasehold ownership retained the previous landlord tenant relationship through allowing positive covenants only to be enforced on the first purchaser of a flat and not subsequent purchasers. In Scotland where outright individual ownership of a flat is legally possible, the management arrangements covering common parts of the building have not proved satisfactory. Argues that neither legal arrangements have put in place an ownership of governance regime that matches popular cultural expectations of what individual home ownership should consist. References. | ||
| 590 | _aIKA280206 | ||
| 650 | 2 | 4 | _aLAW OF PROPERTY ACT 1925 |
| 650 | 2 | 4 | _aLEASEHOLD REFORM ACT 1967 |
| 650 | 2 | 4 | _aABOLITION OF FEUDAL TENURE ETC (SCOTLAND) ACT 2000 |
| 650 | 2 | 4 | _aTENEMENTS (SCOTLAND) ACT 2004 |
| 650 | 2 | 4 | _aCOMMONHOLD AND LEASEHOLD REFORM ACT 2002 |
| 650 | 2 | 4 | _aLEASEHOLD REFORM, HOUSING AND URBAN DEVELOPMENT ACT 1993 |
| 650 | 2 | 4 | _aLANDLORD AND TENANT ACT 1987 |
| 690 | _aPROPERTY-RESIDENTIAL PROPERTY-RESIDENTIAL LANDLORD AND TENANT-RESIDENTIAL LANDLORD AND TENANT REFORM | ||
| 942 | _n0 | ||
| 999 |
_c76543 _d76543 |
||